Antológie v školskom literárnom vzdelávaní

Bibliographic Details
Main Author: Sulík, Ivan, 1943-2021 (Author)
Format: Article
Language:Slovak
Subjects:

MARC

LEADER 00000nab a2200000 a 4500
001 vtls000547352
003 SK-MaSNL
005 20260304090337.0
008 250425c1995 xo 0 slo
015 |a SNBRB19rr/mm-uuuuu 
035 |a CL0547490 
035 |a urn:nbn:sk:snk-abe0a 
035 |a (urnnbn)urn:nbn:sk:snk:ar-a04yvn 
035 |a (uuid)c88d2956-1f11-43a2-93f1-cd6ce8529d1d 
040 |a SNKBUCL  |b slo  |c SNKBUCL  |e AACR2 
041 0 |a slo 
044 |a xo  |c SK 
080 |a 372.882:885.4(82.2)  |2 1981 
080 |a 885.4(82.2)  |2 1981 
080 |a 82:37  |2 1981 
100 1 |a Sulík, Ivan,  |d 1943-2021  |4 aut  |9 223328 
245 1 0 |a Antológie v školskom literárnom vzdelávaní  |c Ivan Sulík 
650 0 7 |a jazyk slovenský a literatúra  |2 snkbucl  |9 966099 
650 0 7 |a antológie literárne  |2 snkbucl  |9 382871 
655 7 |a články z novín a časopisov  |2 snkbucl  |9 267496 
773 0 |t Slovenský jazyk a literatúra v škole  |g Roč. 41, č. 5-6 (1994/1995), s. 151-154 
850 |a Slovenská národná knižnica 
852 |a Slovenská národná knižnica 
954 |a odborná, vedecká literatúra pôvodná (slovenská)  |2 lita 
958 |a article27 
958 |a RK 
958 |a OND 
958 |a EUIPO 
992 |a RBX 
999 |c 2811164  |d 2813094